[Event "2BLS 2122 OSG Baden-Baden II - Stuttgar"]
[Site "?"]
[Date "2022.06.19"]
[Round "8.5"]
[White "Neyman, Igor"]
[Black "Schmider, Niklas"]
[Result "1/2-1/2"]
[WhiteElo "2344"]
[BlackElo "2398"]
[PlyCount "30"]
[EventDate "2022.??.??"]

1. d4 Nf6 2. c4 e6 3. g3 d5 4. Nf3 dxc4 5. Qc2 b5 6. a4 c6 7. Bg2 Bb7 8. O-O a5
9. Rd1 Bb4 10. Nc3 Qb6 11. e4 h6 12. Ne5 Nbd7 13. Be3 O-O 14. d5 Bc5 15. dxc6
Nxe5 1/2-1/2

[Event "2BLS 2122 OSG Baden-Baden II - Stuttgar"]
[Site "?"]
[Date "2022.06.19"]
[Round "8.6"]
[White "Schmaltz, Roland"]
[Black "Vyval, Volodymyr"]
[Result "1/2-1/2"]
[WhiteElo "2464"]
[BlackElo "2231"]
[PlyCount "51"]
[EventDate "2022.??.??"]

1. e4 e5 2. Nf3 d5 3. exd5 e4 4. Qe2 Nf6 5. d3 Qxd5 6. Nbd2 Nc6 7. Nxe4 Be6 8.
g3 O-O-O 9. Bg2 Bg4 10. Nxf6 gxf6 11. h3 Bh5 12. g4 Bg6 13. Be3 Bb4+ 14. Kf1
Rhe8 15. Nh4 Qe5 16. Bxc6 bxc6 17. Nxg6 Qxb2 18. Kg2 fxg6 19. Rab1 Qa3 20. Qf3
Re6 21. Rb3 Qa5 22. Rhb1 Bd2 23. Rb8+ Kd7 24. Rxd8+ Kxd8 25. Rb8+ Kd7 26. Bxd2
1/2-1/2

[Event "2BLS 2122 OSG Baden-Baden II - Stuttgar"]
[Site "?"]
[Date "2022.06.19"]
[Round "8.7"]
[White "Strunski, Andreas"]
[Black "Trifan, Andrei Ioan"]
[Result "0-1"]
[WhiteElo "2331"]
[BlackElo "2291"]
[PlyCount "84"]
[EventDate "2022.??.??"]

1. d4 Nf6 2. c4 g6 3. Nc3 Bg7 4. e4 d6 5. Nge2 c5 6. d5 e6 7. Ng3 exd5 8. cxd5
O-O 9. Be2 Re8 10. O-O a6 11. a4 Nbd7 12. Be3 h5 13. f3 Ne5 14. Qd2 Bd7 15. h3
b5 16. axb5 axb5 17. Nxb5 Qb6 18. Na3 h4 19. Nh1 Reb8 20. Rab1 Qb3 21. Rfc1 Rb4
22. Nf2 Nh5 23. f4 Ng3 24. Bd1 Qa2 25. Ra1 Qxb2 26. Qxb2 Nf3+ 27. Bxf3 Bxb2 28.
Bd2 Rb3 29. Rcb1 c4 30. Bd1 Bxa1 31. Bxb3 Rxa3 32. Bxc4 Bd4 33. Re1 f5 34. exf5
Bxf5 35. Rd1 Ne4 36. Be1 Bc5 37. Kf1 Ng3+ 38. Kg1 Ra4 39. Rc1 Be3 40. Bb5 Rxf4
41. Rc3 Bxf2+ 42. Bxf2 Rxf2 0-1

[Event "2BLS 2122 OSG Baden-Baden II - Stuttgar"]
[Site "?"]
[Date "2022.06.19"]
[Round "8.8"]
[White "Doll, Alexander"]
[Black "Beyer, Christian"]
[Result "1-0"]
[WhiteElo "2156"]
[BlackElo "2292"]
[PlyCount "53"]
[EventDate "2022.??.??"]

1. e4 c5 2. Nf3 e6 3. d4 cxd4 4. Nxd4 Nf6 5. Nc3 d6 6. g3 Be7 7. Bg2 O-O 8. O-O
Qb6 9. Be3 Qxb2 10. Ncb5 Na6 11. a3 Bd7 12. Qd2 Bxb5 13. Rfb1 Qxa1 14. Rxa1 Bd7
15. Nb3 Bc6 16. e5 Nd5 17. exd6 Bxd6 18. Nd4 Rfc8 19. Nxc6 Rxc6 20. Rb1 Rac8
21. Bxd5 exd5 22. Rxb7 Bxa3 23. Qxd5 Bf8 24. Qxf7+ Kh8 25. Bd4 Nc7 26. Rxa7
Rxc2 27. Be5 1-0

[Event "2BLS 2122 OSG Baden-Baden II - SG Speye"]
[Site "?"]
[Date "2022.07.02"]
[Round "9.1"]
[White "Oleksiyenko, Mykhaylo"]
[Black "Gozzoli, Yannick"]
[Result "1/2-1/2"]
[WhiteElo "2588"]
[BlackElo "2594"]
[PlyCount "71"]
[EventDate "2022.??.??"]

1. d4 d5 2. c4 e6 3. Nf3 Nf6 4. g3 Bb4+ 5. Bd2 Be7 6. Bg2 O-O 7. O-O c6 8. Qc2
b6 9. Rd1 Bb7 10. Ne5 Nfd7 11. Bf4 Nxe5 12. Bxe5 Nd7 13. Bf4 Rc8 14. Nc3 b5 15.
c5 b4 16. Na4 Ba6 17. a3 b3 18. Qxb3 Bxe2 19. Re1 Bc4 20. Qe3 Re8 21. b3 Ba6
22. b4 g5 23. Bd6 Nf8 24. Bxe7 Qxe7 25. Nc3 Ng6 26. a4 Bc4 27. b5 e5 28. dxe5
cxb5 29. axb5 Qxc5 30. Qxg5 Qd4 31. Qe3 Qxe3 32. fxe3 Rxe5 33. Rxa7 Rb8 34. Rb1
Rxe3 35. Nxd5 Rxb5 36. Nxe3 1/2-1/2

[Event "2BLS 2122 OSG Baden-Baden II - SG Speye"]
[Site "?"]
[Date "2022.07.02"]
[Round "9.2"]
[White "Dann, Matthias"]
[Black "Iturrizaga Bonelli, Eduardo"]
[Result "1/2-1/2"]
[WhiteElo "2465"]
[BlackElo "2618"]
[PlyCount "49"]
[EventDate "2022.??.??"]

1. e4 c5 2. Nf3 e6 3. d4 cxd4 4. Nxd4 a6 5. Bd3 g6 6. Nc3 Bg7 7. Be3 Ne7 8. Qd2
Nbc6 9. Nxc6 bxc6 10. Bh6 Bxh6 11. Qxh6 Rb8 12. O-O Rxb2 13. e5 Nf5 14. Qc1 Rb8
15. Ne4 O-O 16. Nf6+ Kg7 17. Qf4 d6 18. Bxf5 exf5 19. Rad1 d5 20. Rd3 Rh8 21.
Qg5 h6 22. Nh5+ Kh7 23. Nf6+ Kg7 24. Nh5+ Kh7 25. Nf6+ 1/2-1/2

[Event "2BLS 2122 OSG Baden-Baden II - SG Speye"]
[Site "?"]
[Date "2022.07.02"]
[Round "9.3"]
[White "Kantans, Toms"]
[Black "Breder, Dennis"]
[Result "1-0"]
[WhiteElo "2486"]
[BlackElo "2468"]
[PlyCount "111"]
[EventDate "2022.??.??"]

1. e4 c5 2. Nf3 Nc6 3. Bb5 g6 4. c3 Nf6 5. Qa4 Bg7 6. O-O O-O 7. Re1 a6 8. d4
Na5 9. Bd3 d6 10. Nbd2 Nd7 11. b4 Nc6 12. b5 Nb6 13. Qc2 axb5 14. dxc5 Na4 15.
Bxb5 Nxc5 16. a4 Qa5 17. Bb2 Bd7 18. Nc4 Qc7 19. Ne3 e6 20. Red1 Rfd8 21. Ba3
Ne7 22. Nd4 Rxa4 23. Bxd7 Qxd7 24. Bb2 Rda8 25. Rab1 e5 26. Nb3 b6 27. c4 Qc6
28. Nxc5 bxc5 29. Qd3 R4a6 30. Bc3 h5 31. g3 Ra3 32. Nc2 Ra2 33. Rb3 f5 34. Ne3
fxe4 35. Qxd6 Qxd6 36. Rxd6 R2a3 37. Rb7 Nf5 38. Rxg6 Kh7 39. Rg5 Nxe3 40. fxe3
Rxc3 41. Rbxg7+ Kh8 42. Rf7 h4 43. Rxe5 Rxe3 44. Kg2 Re2+ 45. Kh3 hxg3 46. hxg3
e3 47. Rf4 Re1 48. Rfe4 Ra4 49. Rg4 Rh1+ 50. Kg2 Rh6 51. Re8+ Kh7 52. Re7+ Kh8
53. Re5 Ra2+ 54. Kf3 Rf6+ 55. Kxe3 Ra3+ 56. Ke4 1-0

[Event "2BLS 2122 OSG Baden-Baden II - SG Speye"]
[Site "?"]
[Date "2022.07.02"]
[Round "9.4"]
[White "Martin, Julian"]
[Black "Kovacs, Gabor"]
[Result "1-0"]
[WhiteElo "2372"]
[BlackElo "2426"]
[PlyCount "93"]
[EventDate "2022.??.??"]

1. e4 e5 2. Nf3 Nf6 3. Nc3 Nc6 4. Bb5 Nd4 5. Bc4 Nxf3+ 6. gxf3 d6 7. d4 Qe7 8.
Be3 a6 9. Qe2 Be6 10. O-O-O g6 11. f4 exf4 12. Bxf4 Nh5 13. Be3 Bg7 14. f4 Bh6
15. Bxe6 fxe6 16. f5 Bxe3+ 17. Qxe3 O-O 18. fxg6 hxg6 19. Rhg1 Kh7 20. Rg4 Rg8
21. e5 d5 22. Ne2 Qf8 23. Kb1 Qh6 24. Qc3 Rg7 25. Ng1 Re7 26. Nf3 Rae8 27. Rdg1
Rg7 28. Ng5+ Kh8 29. a4 Rge7 30. Nf3 Kh7 31. Rxg6 Qxg6 32. Rxg6 Kxg6 33. Qe3
Rh8 34. Nh4+ Kf7 35. Qf3+ Kg8 36. Ng6 Rf7 37. Qg4 Rh6 38. Nh4+ Ng7 39. Nf3 Rf5
40. h4 Rfh5 41. Qg2 Rf5 42. Qg4 Kf8 43. Ng5 Rg6 44. Qh3 Rh6 45. Qc3 Rxh4 46.
Qxc7 Rxg5 47. Qd8+ 1-0

[Event "2BLS 2122 OSG Baden-Baden II - SG Speye"]
[Site "?"]
[Date "2022.07.02"]
[Round "9.5"]
[White "Boguslawski, Oleg"]
[Black "Riff, Jean-Noel"]
[Result "1/2-1/2"]
[WhiteElo "2377"]
[BlackElo "2451"]
[PlyCount "34"]
[EventDate "2022.??.??"]

1. e4 e5 2. Bc4 Nf6 3. d3 c6 4. Nf3 d5 5. Bb3 a5 6. a3 a4 7. Ba2 Bd6 8. Bg5 Be6
9. Nc3 d4 10. Ne2 Bxa2 11. Rxa2 h6 12. Bd2 c5 13. O-O Nc6 14. Ra1 Qd7 15. Nh4
Ne7 16. Ng3 g6 17. h3 Qc7 1/2-1/2

[Event "2BLS 2122 OSG Baden-Baden II - SG Speye"]
[Site "?"]
[Date "2022.07.02"]
[Round "9.6"]
[White "Schmider, Niklas"]
[Black "Commercon, Simon"]
[Result "1-0"]
[WhiteElo "2398"]
[BlackElo "2234"]
[PlyCount "51"]
[EventDate "2022.??.??"]

1. e4 c6 2. d4 d5 3. e5 c5 4. dxc5 e6 5. a3 Bxc5 6. Nf3 Ne7 7. Bd3 Ng6 8. b4
Bb6 9. g3 f6 10. Bxg6+ hxg6 11. Qd3 Kf7 12. Bb2 Nc6 13. O-O Rh5 14. exf6 gxf6
15. c4 dxc4 16. Qxc4 Qd5 17. Qe2 e5 18. Nc3 Qe6 19. Ne4 Nd4 20. Bxd4 exd4 21.
Rfe1 Bd7 22. Qd2 Qd5 23. Qf4 Bd8 24. Nxd4 Kg7 25. Rad1 Ba4 26. Nc3 1-0

[Event "2BLS 2122 OSG Baden-Baden II - SG Speye"]
[Site "?"]
[Date "2022.07.02"]
[Round "9.7"]
[White "Kraemer, Enrico"]
[Black "Schmaltz, Roland"]
[Result "0-1"]
[WhiteElo "2219"]
[BlackElo "2464"]
[PlyCount "56"]
[EventDate "2022.??.??"]

1. d4 Nf6 2. Nf3 e6 3. g3 b5 4. Bg2 Bb7 5. O-O c5 6. a4 b4 7. c3 a5 8. cxb4
axb4 9. Nbd2 Na6 10. Nc4 d5 11. Nce5 Bd6 12. dxc5 Nxc5 13. Nd3 Nce4 14. Bf4 Ba6
15. Nfe5 Qb6 16. Rc1 O-O 17. Nc6 Bxd3 18. exd3 Bxf4 19. Ne7+ Kh8 20. Rc6 Qd8
21. dxe4 Be5 22. exd5 Qxe7 23. dxe6 Rad8 24. Qb3 fxe6 25. Rxe6 Qc5 26. Rc6 Qa5
27. Re1 Bd4 28. Rc2 Ng4 0-1

[Event "2BLS 2122 SC Ötigheim - TSV Schott Mai"]
[Site "?"]
[Date "2022.07.02"]
[Round "9.1"]
[White "Lobron, Eric"]
[Black "Bauer, Christian"]
[Result "0-1"]
[WhiteElo "2490"]
[BlackElo "2607"]
[PlyCount "112"]
[EventDate "2022.??.??"]

1. d4 e6 2. Nf3 c5 3. e3 Nf6 4. c4 g6 5. Nc3 Bg7 6. d5 O-O 7. Be2 d6 8. O-O Re8
9. Nd2 Na6 10. Bf3 exd5 11. cxd5 Nc7 12. a4 b6 13. Re1 Ba6 14. Ndb1 Nd7 15. Na3
Ne5 16. Be2 Bxe2 17. Rxe2 a6 18. Rb1 Rb8 19. b4 Qh4 20. bxc5 bxc5 21. Rxb8 Rxb8
22. Nab1 Qc4 23. Rc2 Qh4 24. Nd2 f5 25. h3 g5 26. Qe2 g4 27. hxg4 Qxg4 28. Qxg4
Nxg4 29. Ndb1 Nxd5 30. Nxd5 Rxb1 31. f3 Ne5 32. Kh2 Kf7 33. Kg3 Nd3 34. Bd2 Ke6
35. Nc7+ Kd7 36. Nd5 Be5+ 37. f4 Bg7 38. Bc3 Bxc3 39. Rxc3 Nb4 40. Nf6+ Kc6 41.
e4 fxe4 42. Nxe4 Nd5 43. Rd3 Rf1 44. Nd2 Rd1 45. f5 Nf6 46. Kf4 h6 47. a5 c4
48. Rd4 c3 49. Nf3 Rxd4+ 50. Nxd4+ Kd5 51. Ke3 Kc4 52. Nc2 d5 53. g3 h5 54. Ne1
d4+ 55. Ke2 Ne4 56. Kf3 Nd6 0-1

[Event "2BLS 2122 SC Ötigheim - TSV Schott Mai"]
[Site "?"]
[Date "2022.07.02"]
[Round "9.2"]
[White "Lagarde, Maxime"]
[Black "Krivonosov, Oleg"]
[Result "1-0"]
[WhiteElo "2628"]
[BlackElo "2378"]
[PlyCount "73"]
[EventDate "2022.??.??"]

1. c4 e6 2. Nf3 d5 3. g3 Nf6 4. Bg2 Be7 5. O-O O-O 6. d4 Nbd7 7. Qc2 c6 8. Nbd2
b6 9. e4 dxc4 10. Nxc4 Bb7 11. Bg5 h6 12. e5 Ne8 13. Bxe7 Qxe7 14. Nh4 Rb8 15.
Rad1 g5 16. Ng6 fxg6 17. Qxg6+ Qg7 18. Qxe6+ Rf7 19. Ne3 Nf8 20. Qh3 Bc8 21.
Qh5 Qg6 22. Qxg6+ Nxg6 23. Bxc6 Bb7 24. Rc1 Bxc6 25. Rxc6 Kg7 26. Rfc1 Rd8 27.
Rc8 Rxc8 28. Rxc8 Kf8 29. Ra8 h5 30. e6 Rf6 31. d5 Ne5 32. f4 gxf4 33. gxf4
Rxf4 34. d6 Rd4 35. Nc4 Kg7 36. Rxe8 Rxc4 37. d7 1-0

[Event "2BLS 2122 SC Ötigheim - TSV Schott Mai"]
[Site "?"]
[Date "2022.07.02"]
[Round "9.3"]
[White "Balcerak, Jakob"]
[Black "Van den Doel, Erik"]
[Result "1/2-1/2"]
[WhiteElo "2475"]
[BlackElo "2587"]
[PlyCount "144"]
[EventDate "2022.??.??"]

1. d4 d5 2. c4 c6 3. Nf3 Nf6 4. Nc3 e6 5. Bg5 Nbd7 6. e3 Qa5 7. cxd5 Nxd5 8.
Qd2 Bb4 9. Rc1 Nxc3 10. bxc3 Ba3 11. Rb1 b6 12. Bd3 Ba6 13. O-O O-O 14. e4 Rfe8
15. e5 c5 16. Bxa6 Qxa6 17. d5 exd5 18. Qxd5 Nf8 19. Nd2 b5 20. Ne4 Qe6 21.
Qxe6 Nxe6 22. Be3 Nc7 23. Nd6 Rxe5 24. Nxb5 Nxb5 25. Rxb5 Re4 26. Rfb1 Rd8 27.
Ra5 Bb2 28. Rxc5 Ra4 29. Bd4 Rxa2 30. Rb5 Ba3 31. Bxa7 Bf8 32. Bd4 Re8 33. g4
g6 34. Rb8 Ra8 35. Rxa8 Rxa8 36. c4 Re8 37. h3 Rc8 38. Rc1 Ba3 39. Rc2 Kf8 40.
Kg2 Ke7 41. Kf3 Ke6 42. Be3 Bf8 43. Kf4 Ra8 44. Re2 Kd7 45. Ke5 Bg7+ 46. Kd5
Ra1 47. c5 Rd1+ 48. Rd2 Ra1 49. Rd3 Kc7 50. Bf4+ Kd7 51. c6+ Kc8 52. Rb3 Ra5+
53. Ke4 f5+ 54. Kf3 fxg4+ 55. hxg4 Be5 56. Re3 Bxf4 57. Kxf4 h5 58. gxh5 Rxh5
59. Re5 Rh4+ 60. Kg3 Rc4 61. Re6 g5 62. f3 Kc7 63. Rg6 Rb4 64. Rxg5 Kxc6 65.
Rg4 Rb8 66. Rd4 Rg8+ 67. Kf4 Rf8+ 68. Ke3 Re8+ 69. Kd3 Re5 70. Re4 Kd6 71. Rxe5
Kxe5 72. f4+ Kxf4 1/2-1/2

[Event "2BLS 2122 SC Ötigheim - TSV Schott Mai"]
[Site "?"]
[Date "2022.07.02"]
[Round "9.4"]
[White "Lai, Hing Ting"]
[Black "David, Alexandru-Vasile"]
[Result "1-0"]
[WhiteElo "2467"]
[BlackElo "2427"]
[PlyCount "97"]
[EventDate "2022.??.??"]

1. d4 d5 2. c4 e6 3. Nc3 c5 4. cxd5 exd5 5. Nf3 Nf6 6. Bg5 Be6 7. dxc5 Bxc5 8.
e3 O-O 9. Be2 h6 10. Bh4 Nc6 11. O-O g5 12. Bg3 Ne4 13. Rc1 Nxg3 14. hxg3 Be7
15. Na4 Bf6 16. Bb5 Rc8 17. Bxc6 Rxc6 18. Rxc6 bxc6 19. Qc2 Qd6 20. Rc1 Qb4 21.
b3 g4 22. Ne1 Qa5 23. Nd3 Bf5 24. Qxc6 Bg7 25. b4 Qd8 26. Nac5 d4 27. e4 Bh7
28. a4 h5 29. Nf4 h4 30. gxh4 Qxh4 31. g3 Qe7 32. a5 Rd8 33. b5 Be5 34. Nfd3
Bb8 35. Re1 Kg7 36. e5 Bf5 37. b6 axb6 38. axb6 Rc8 39. Qd5 Rd8 40. Qc4 Bxd3
41. Nxd3 Qb7 42. e6 f6 43. Nc5 Qxb6 44. e7 Re8 45. Qxd4 Be5 46. Qxg4+ Kf7 47.
Qh5+ Kxe7 48. Qh7+ Kd6 49. Qd7+ 1-0

[Event "2BLS 2122 SC Ötigheim - TSV Schott Mai"]
[Site "?"]
[Date "2022.07.02"]
[Round "9.5"]
[White "Cicak, Slavko"]
[Black "Inkiov, Ventzislav"]
[Result "1-0"]
[WhiteElo "2471"]
[BlackElo "2418"]
[PlyCount "67"]
[EventDate "2022.??.??"]

1. e4 c5 2. Nf3 d6 3. Bc4 Nc6 4. c3 e6 5. O-O Nf6 6. d4 d5 7. exd5 Nxd5 8. dxc5
Bxc5 9. Bxd5 exd5 10. Re1+ Be6 11. Be3 Bd6 12. Nbd2 O-O 13. Nb3 Bg4 14. h3 Bh5
15. Bc5 Rc8 16. Bxd6 Qxd6 17. Qd3 Rfd8 18. Nfd4 Bg6 19. Qe3 a6 20. Nxc6 Qxc6
21. Nd4 Qb6 22. Re2 h6 23. Rae1 Qa5 24. a3 Qa4 25. Qe7 Rd7 26. Qh4 Rdd8 27. Re7
b5 28. Qg3 Qc4 29. Qe5 Kh7 30. h4 h5 31. f4 Kh8 32. f5 Bh7 33. Rxf7 Rg8 34. Re3
1-0

[Event "2BLS 2122 SC Ötigheim - TSV Schott Mai"]
[Site "?"]
[Date "2022.07.02"]
[Round "9.6"]
[White "Hopman, Pieter"]
[Black "Goebel, Constantin"]
[Result "1/2-1/2"]
[WhiteElo "2352"]
[BlackElo "2251"]
[PlyCount "35"]
[EventDate "2022.??.??"]

1. c4 e6 2. Nc3 d5 3. cxd5 exd5 4. d4 c6 5. Bf4 Qb6 6. Qd2 Nf6 7. e3 Bf5 8.
Nge2 Nbd7 9. Ng3 Bg6 10. Be2 Be7 11. O-O O-O 12. Rfc1 Rfe8 13. a3 Nf8 14. Na4
Qd8 15. b4 Ne6 16. Be5 Nd7 17. Bg4 Bh4 18. Nf5 1/2-1/2

[Event "2BLS 2122 SC Ötigheim - TSV Schott Mai"]
[Site "?"]
[Date "2022.07.02"]
[Round "9.7"]
[White "Mueller, Marco"]
[Black "Kabos, Tobias"]
[Result "1/2-1/2"]
[WhiteElo "2229"]
[BlackElo "2355"]
[PlyCount "60"]
[EventDate "2022.??.??"]

1. d4 d5 2. c4 dxc4 3. e3 Nf6 4. Bxc4 e6 5. Nf3 c5 6. O-O a6 7. Nbd2 Nc6 8.
dxc5 Bxc5 9. a3 O-O 10. b4 Be7 11. Bb2 b5 12. Be2 Bb7 13. Rc1 Qb6 14. Nd4 Rfd8
15. Bf3 Rac8 16. Qe2 Nb8 17. N4b3 Bxf3 18. Nxf3 Nc6 19. Nfd4 h6 20. Rc2 Nxd4
21. Bxd4 Qb8 22. Rfc1 Rxc2 23. Qxc2 Bd6 24. h3 Bh2+ 25. Kh1 Bd6 26. Qc6 Qa8 27.
Kg1 Be7 28. Qxa8 Rxa8 29. f3 Bd8 30. Rc5 Kf8 1/2-1/2

[Event "2BLS 2122 SC Ötigheim - TSV Schott Mai"]
[Site "?"]
[Date "2022.07.02"]
[Round "9.8"]
[White "Kuehn, Kolja"]
[Black "Lisanti, Andre"]
[Result "1/2-1/2"]
[WhiteElo "2131"]
[BlackElo "2220"]
[PlyCount "50"]
[EventDate "2022.??.??"]

1. e4 e5 2. Nf3 Nc6 3. Bc4 Bc5 4. c3 Qe7 5. O-O d6 6. d3 a6 7. a4 Bg4 8. Na3
Nf6 9. Nc2 Be6 10. Bxe6 fxe6 11. b4 Bb6 12. Be3 O-O 13. Bxb6 cxb6 14. b5 Nb8
15. Ne3 Nbd7 16. Nc4 axb5 17. axb5 Rxa1 18. Qxa1 Nh5 19. Qa7 Rxf3 20. gxf3 Qg5+
21. Kh1 Qf4 22. Kg2 Qh4 23. Kh1 Qf4 24. Kg2 Qg5+ 25. Kh1 Qf4 1/2-1/2

[Event "2BLS 2122 SC Eppingen - Stuttgarter SF"]
[Site "?"]
[Date "2022.07.02"]
[Round "9.1"]
[White "Schitco, Ivan"]
[Black "Noe, Christopher"]
[Result "1-0"]
[WhiteElo "2472"]
[BlackElo "2513"]
[PlyCount "119"]
[EventDate "2022.??.??"]

1. c4 Nf6 2. Nc3 e5 3. Nf3 Nc6 4. d4 exd4 5. Nxd4 Bb4 6. g3 O-O 7. Bg2 Ne5 8.
Qb3 Bc5 9. Be3 d6 10. h3 Bd7 11. O-O Rb8 12. Rad1 a6 13. Qc2 h6 14. Na4 Nxc4
15. Bc1 Bxd4 16. Rxd4 b5 17. Nc3 Qe7 18. b3 Ne5 19. Rfd1 Rfe8 20. Bb2 Rbd8 21.
e4 Bc8 22. Nd5 Nxd5 23. exd5 Bb7 24. Re4 Qd7 25. f4 Ng6 26. Qc3 f6 27. Re6 Rxe6
28. dxe6 Qc8 29. Bxb7 Qxb7 30. Qd3 Ne7 31. g4 c5 32. g5 hxg5 33. fxg5 f5 34.
Rf1 b4 35. g6 d5 36. Qe2 d4 37. Qh5 Qe4 38. Qh7+ Kf8 39. Qh8+ Ng8 40. e7+ Kxe7
41. Qxg7+ Kd6 42. Bc1 Ne7 43. Bg5 Qe6 44. Kf2 Rg8 45. Bxe7+ Kd7 46. Qf7 Qe3+
47. Kg2 Qe2+ 48. Rf2 Qe4+ 49. Rf3 Qe2+ 50. Kg3 Qe5+ 51. Kh4 Qxe7+ 52. Qxe7+
Kxe7 53. Kg5 Rd8 54. Rxf5 d3 55. Rf7+ Ke6 56. Rf1 d2 57. g7 Ke5 58. Kh6 Rd6+
59. Kh5 Rd8 60. Rd1 1-0

[Event "2BLS 2122 SC Eppingen - Stuttgarter SF"]
[Site "?"]
[Date "2022.07.02"]
[Round "9.2"]
[White "Medvegy, Zoltan"]
[Black "Macovei, Andrei"]
[Result "1/2-1/2"]
[WhiteElo "2528"]
[BlackElo "2470"]
[PlyCount "50"]
[EventDate "2022.??.??"]

1. Nf3 Nf6 2. g3 g6 3. b3 Bg7 4. Bb2 O-O 5. Bg2 c5 6. c4 d6 7. d4 d5 8. O-O
cxd4 9. cxd5 Qxd5 10. Qxd4 Qh5 11. Qh4 Nc6 12. Qxh5 Nxh5 13. Nc3 Bd7 14. Rac1
Rfd8 15. Ba3 Rac8 16. Nd5 Bf8 17. Rfd1 e6 18. Bxf8 Kxf8 19. Nc3 Be8 20. Ng5 Nf6
21. Nce4 Nxe4 22. Bxe4 h6 23. Nf3 Ke7 24. Rxd8 Rxd8 25. Kf1 g5 1/2-1/2

[Event "2BLS 2122 SC Eppingen - Stuttgarter SF"]
[Site "?"]
[Date "2022.07.02"]
[Round "9.4"]
[White "Gibicar, Danijel"]
[Black "Neyman, Igor"]
[Result "1/2-1/2"]
[WhiteElo "2285"]
[BlackElo "2344"]
[PlyCount "61"]
[EventDate "2022.??.??"]

1. e4 c5 2. Nf3 Nc6 3. d4 cxd4 4. Nxd4 Nf6 5. Nc3 e5 6. Ndb5 d6 7. Bg5 a6 8.
Na3 b5 9. Nd5 Be7 10. Bxf6 Bxf6 11. c3 g6 12. Nc2 Bg7 13. a4 bxa4 14. Ncb4 Bd7
15. Qxa4 Nxb4 16. Qxb4 Bc6 17. Rxa6 Rb8 18. Qa3 Bxd5 19. Rxd6 Qg5 20. Rxd5 Qc1+
21. Rd1 Qxb2 22. Qa4+ Kf8 23. Qc4 Bf6 24. Be2 Rb3 25. O-O Rxc3 26. Qa6 Kg7 27.
Rd7 Re8 28. Qa7 Qb3 29. Rb7 Qe6 30. Rd1 Re7 31. h3 1/2-1/2

[Event "2BLS 2122 SC Eppingen - Stuttgarter SF"]
[Site "?"]
[Date "2022.07.02"]
[Round "9.6"]
[White "Mann, Christian"]
[Black "Strunski, Andreas"]
[Result "1/2-1/2"]
[WhiteElo "2395"]
[BlackElo "2331"]
[PlyCount "224"]
[EventDate "2022.??.??"]

1. c4 Nf6 2. g3 c6 3. Bg2 d5 4. Nf3 g6 5. b3 Bg7 6. Bb2 O-O 7. O-O Bf5 8. d3
Qc8 9. Re1 Na6 10. Nbd2 Bh3 11. Bh1 h6 12. Rc1 Qd8 13. a3 Nc7 14. b4 a5 15. Qb3
a4 16. Qc2 Ne6 17. Qb1 h5 18. Ba1 Bh6 19. Qb2 Kh7 20. b5 Qb6 21. c5 Qxb5 22.
Qxb5 cxb5 23. Rb1 Nxc5 24. Bxf6 exf6 25. Rxb5 Rac8 26. d4 Ne4 27. Nb1 Rfe8 28.
Bg2 Bg4 29. h3 Be6 30. Rxb7 Rb8 31. Ra7 Rb2 32. Rxa4 Bf8 33. Nh2 Reb8 34. Bxe4
dxe4 35. Nc3 Bb3 36. Ra7 f5 37. Rc1 Rc8 38. Nf1 Bg7 39. e3 Be6 40. Kg2 g5 41.
Rb1 Rxb1 42. Nxb1 f4 43. gxf4 gxf4 44. exf4 Bxd4 45. Ra4 Rg8+ 46. Ng3 e3 47.
fxe3 Bxe3 48. Kf3 Bg1 49. Ra5 h4 50. Ne4 Kh6 51. Ng5 Bb3 52. Nd2 Bd1+ 53. Ke4
Bc2+ 54. Kf3 f6 55. Nf7+ Kh7 56. Nf1 Bd3 57. Rh5+ Kg6 58. Rxh4 Bxf1 59. Nh6 Ra8
60. f5+ Kg7 61. Rg4+ Kxh6 62. Rxg1 Rxa3+ 63. Kf2 Bxh3 64. Rg6+ Kh5 65. Rxf6 Kg5
66. Rb6 Bxf5 67. Rb4 Kf6 68. Rb5 Be4 69. Rc5 Ke6 70. Rb5 Bd5 71. Rb8 Rf3+ 72.
Ke2 Ke5 73. Rb4 Be4 74. Kd2 Rd3+ 75. Kc1 Rc3+ 76. Kb2 Rc2+ 77. Kb3 Rc1 78. Kb2
Rc8 79. Kb3 Bd5+ 80. Kb2 Bc4 81. Kc3 Kd5 82. Rb2 Rh8 83. Rg2 Rh3+ 84. Kd2 Bd3
85. Rg8 Be4 86. Rd8+ Ke5 87. Kc1 Bd5 88. Re8+ Kd4 89. Kd2 Ra3 90. Re2 Bc4 91.
Rf2 Bd3 92. Rf4+ Be4 93. Rf2 Rb3 94. Ke1 Rb1+ 95. Kd2 Ra1 96. Ke2 Bd3+ 97. Kd2
Rb1 98. Rf4+ Be4 99. Rf2 Rb3 100. Ke2 Rh3 101. Kd2 Rh1 102. Ke2 Rh3 103. Kd2
Bf3 104. Ke1 Kd3 105. Rd2+ Ke4 106. Rb2 Rh1+ 107. Kd2 Rh2+ 108. Kc3 Be2 109.
Rb8 Rh3+ 110. Kd2 Bc4 111. Rf8 Bd5 112. Rf2 Kd4 1/2-1/2

[Event "2BLS 2122 SC Eppingen - Stuttgarter SF"]
[Site "?"]
[Date "2022.07.02"]
[Round "9.7"]
[White "Beyer, Christian"]
[Black "Bilchinski, Anton"]
[Result "0-1"]
[WhiteElo "2292"]
[BlackElo "2241"]
[PlyCount "104"]
[EventDate "2022.??.??"]

1. Nc3 Nf6 2. d4 d5 3. Bf4 Bf5 4. f3 e6 5. g4 Bg6 6. h4 h5 7. g5 Ng8 8. Nb5 Na6
9. e3 c6 10. Nc3 Nb4 11. Rh2 a5 12. a3 Na6 13. Nh3 Bd6 14. Qd2 Ne7 15. Rh1 Bf5
16. Bxd6 Qxd6 17. Nf4 e5 18. Nd3 exd4 19. exd4 O-O 20. O-O-O Ng6 21. Ne2 Nc7
22. Ndf4 Nxf4 23. Nxf4 g6 24. Qh2 Rad8 25. Nd3 Qxh2 26. Rxh2 Bxd3 27. Bxd3 Ne6
28. c3 Nf4 29. Bc2 Rde8 30. Kd2 Re7 31. Re1 Rfe8 32. Rxe7 Rxe7 33. b4 axb4 34.
cxb4 Kg7 35. a4 f6 36. gxf6+ Kxf6 37. a5 g5 38. Bd3 gxh4 39. Rxh4 Kg5 40. Rh1
h4 41. Rg1+ Kf6 42. Bf1 Ne6 43. Ke3 Ng5+ 44. Kf2 Rh7 45. Bg2 h3 46. Bh1 Rh4 47.
Ke3 Kf5 48. Rg4 Nxf3 49. Rg7 Nxd4 50. Kd3 Nb5 51. Rxb7 Rxb4 52. a6 Ke5 0-1

[Event "2BLS 2122 SC Eppingen - Stuttgarter SF"]
[Site "?"]
[Date "2022.07.02"]
[Round "9.8"]
[White "Hamid, Emran"]
[Black "Fritsch, Rolf"]
[Result "1-0"]
[WhiteElo "2188"]
[BlackElo "2190"]
[PlyCount "75"]
[EventDate "2022.??.??"]

1. e4 g6 2. d4 Bg7 3. Nc3 d6 4. f4 a6 5. Nf3 e6 6. Bd3 Ne7 7. O-O O-O 8. Be3 b6
9. Ne2 Nd7 10. Ng3 c5 11. c3 Bb7 12. Qd2 Nf6 13. h3 d5 14. e5 Nd7 15. h4 Nf5
16. Nxf5 gxf5 17. Bf2 f6 18. Rae1 c4 19. Bc2 Bh6 20. exf6 Qxf6 21. Ng5 Rfe8 22.
h5 Bg7 23. Qe2 h6 24. Nf3 Qf8 25. Bh4 Qf7 26. Ne5 Bxe5 27. fxe5 Kh8 28. g4 Qg7
29. Kh2 fxg4 30. Bg6 g3+ 31. Kxg3 Rf8 32. Qg4 Rxf1 33. Rxf1 Nxe5 34. dxe5 Qxe5+
35. Qf4 Qb8 36. Bf6+ Kg8 37. Be5 Qf8 38. Bh7+ 1-0

[Event "2BLS 2122 SC Böblingen - TSV Schönaic"]
[Site "?"]
[Date "2022.07.02"]
[Round "9.1"]
[White "Doric, Darko"]
[Black "Kuklin, Valentin"]
[Result "1/2-1/2"]
[WhiteElo "2478"]
[BlackElo "2382"]
[PlyCount "33"]
[EventDate "2022.??.??"]

1. d4 Nf6 2. Bg5 c5 3. d5 d6 4. Nc3 g6 5. e4 Bg7 6. Nf3 Qb6 7. Bd2 O-O 8. Bc4
Re8 9. O-O e6 10. Re1 Na6 11. Rb1 exd5 12. Nxd5 Nxd5 13. exd5 Bf5 14. a3 Qc7
15. Bf4 Rxe1+ 16. Nxe1 Re8 17. Bg3 1/2-1/2

[Event "2BLS 2122 SC Böblingen - TSV Schönaic"]
[Site "?"]
[Date "2022.07.02"]
[Round "9.2"]
[White "Seitz, Patrick"]
[Black "Bosiocic, Marin"]
[Result "0-1"]
[WhiteElo "2171"]
[BlackElo "2542"]
[PlyCount "127"]
[EventDate "2022.??.??"]

1. e4 c5 2. Nf3 Nc6 3. d4 cxd4 4. Nxd4 Nf6 5. Nc3 e5 6. Ndb5 d6 7. Bg5 a6 8.
Na3 b5 9. Nd5 Be7 10. Bxf6 Bxf6 11. c3 Bg5 12. Nc2 O-O 13. a4 bxa4 14. Rxa4 a5
15. Bd3 Be6 16. Bc4 Rb8 17. b3 Ne7 18. Nxe7+ Qxe7 19. O-O Bxc4 20. bxc4 Qc7 21.
Na3 Rb2 22. Nb5 Qc5 23. g3 Rd2 24. Qf3 Bd8 25. Rd1 Rxd1+ 26. Qxd1 Bb6 27. Qd2
f5 28. Qd5+ Kh8 29. Ra2 Qxd5 30. exd5 Rd8 31. Kg2 g6 32. c5 dxc5 33. c4 e4 34.
f3 exf3+ 35. Kxf3 Rb8 36. Re2 Kg7 37. Re7+ Kf6 38. Re6+ Kf7 39. Kf4 Bd8 40. Ke5
Ra8 41. Kd6 a4 42. Re3 Bg5 43. Ra3 Bc1 44. Ra2 a3 45. Kxc5 Bb2 46. d6 g5 47.
Kd5 f4 48. gxf4 gxf4 49. Ke4 Ra4 50. Kxf4 Rxc4+ 51. Ke3 Rh4 52. Kf3 Rb4 53. Nc7
Rb6 54. d7 Rb3+ 55. Ke2 Bf6 56. Ne8 Be7 57. Nd6+ Ke6 58. Rd2 Rb2 59. Ne4 Rxd2+
60. Nxd2 Kxd7 61. Kd3 a2 62. Nb3 Ke6 63. Kc2 Bf6 64. Na1 0-1